[Event "NOR-ch Youth 2019"]
[Site "Skien"]
[Date "2019.11.09"]
[Round "5.19"]
[White "Ostensen, Nicolai Maxime"]
[Black "Brattgjerd, Isak Vinh"]
[Result "1/2-1/2"]
[WhiteElo "1691"]
[BlackElo "1699"]
[Annotator "NA RC"]
[PlyCount "77"]
[EventDate "2019.11.08"]
[EventType "swiss"]
[EventCountry "NOR"]
[SourceTitle "playchess.com"]
[Source "ChessBase"]
[SourceQuality "1"]
[TimeControl "5400+30"]

1. e4 {[%emt 0:00:00]} c5 {[%emt 0:00:14]} 2. Nf3 {[%emt 0:00:30]} d6 {[%emt 0:00:14]} 3. Nc3 {[%emt 0:00:16]} Nf6 {[%emt 0:00:33]} 4. d3 {[%emt 0:00:33]} g6 {[%emt 0:00:28]} 5. g3 {[%emt 0:00:34]} Bg7 {[%emt 0:00:18]} 6. Bg2 {[%emt 0:00:28]} O-O {[%emt 0:00:34]} 7. O-O {[%emt 0:00:17]} Nc6 {[%emt 0:00:35]} 8. h3 {[%emt 0:01:30]} Bd7 {[%emt 0:01:15]} 9. Re1 {[%emt 0:04:04]} Rb8 {[%emt 0:02:13]} 10. a4 {[%emt 0:00:39]} a6 {[%emt 0:00:29]} 11. Be3 {[%emt 0:08:50]} e5 {[%emt 0:08:28]} 12. Nd2 {[%emt 0:08:54]} Qc7 {[%emt 0:09:11]} 13. f4 {[%emt 0:02:33]} b6 {[%emt 0:01:53]} 14. Ne2 {[%emt 0:15:52]} Qc8 {[%emt 0:16:20]} 15. Kh2 {[%emt 0:01:41]} Be6 {[%emt 0:00:09]} 16. c3 {[%emt 0:10:38]} Bg4 {[%emt 0:11:50]} 17. Nc4 {[%emt 0:04:57]} Bxe2 {[%emt 0:01:18]} 18. Qxe2 {[%emt 0:01:26]} Qc7 {[%emt 0:02:55]} 19. Red1 {[%emt 0:07:41]} Nd7 {[%emt 0:02:57]} 20. Nd2 {[%emt 0:05:16]} Rbe8 {[%emt 0:10:57]} 21. Qf3 {[%emt 0:03:50]} Nf6 {[%emt 0:04:35]} 22. Rab1 {[%emt 0:03:52]} Nh5 {[%emt 0:04:19]} 23. f5 {[%emt 0:01:44]} Qd7 {[%emt 0:05:51]} 24. b4 {[%emt 0:03:29]} Rb8 {[%emt 0:01:44]} 25. h4 {[%emt 0:01:23]} Bh8 {[%emt 0:01:58]} 26. Bh3 {[%emt 0:00:10]} Qc7 {[%emt 0:00:27]} 27. Bh6 {[%emt 0:01:13]} Rfe8 {[%emt 0:00:22]} 28. Rf1 {[%emt 0:00:31]} cxb4 {[%emt 0:00:49]} 29. cxb4 {[%emt 0:01:18]} Nd4 {[%emt 0:00:10]} 30. Qf2 {[%emt 0:00:12]} Qe7 {[%emt 0:00:59]} 31. Nf3 {[%emt 0:01:43]} Nxf3+ {[%emt 0:00:53]} 32. Qxf3 {[%emt 0:00:06]} Rbc8 {[%emt 0:00:44]} 33. Rf2 {[%emt 0:01:25]} Rc7 {[%emt 0:00:13]} 34. Rbf1 {[%emt 0:00:14]} Rb8 {[%emt 0:01:19]} 35. fxg6 {[%emt 0:02:02]} hxg6 {[%emt 0:00:21]} 36. Qg4 {[%emt 0:01:02]} Nf6 {[%emt 0:01:31]} 37. Qg5 {[%emt 0:00:50]} Nh5 {[%emt 0:00:25]} 38. Qg4 {[%emt 0:00:27]} Nf6 {[%emt 0:01:36]} 39. Qg5 {[%emt 0:02:44]} 1/2-1/2

[Event "NOR-ch Youth 2019"]
[Site "Skien"]
[Date "2019.11.09"]
[Round "5.20"]
[White "Bjorkan, Olav"]
[Black "Khoo-Thwe, Louis"]
[Result "0-1"]
[WhiteElo "1407"]
[BlackElo "1660"]
[Annotator "NA RC"]
[PlyCount "98"]
[EventDate "2019.11.08"]
[EventType "swiss"]
[EventCountry "NOR"]
[SourceTitle "playchess.com"]
[Source "ChessBase"]
[SourceQuality "1"]
[TimeControl "5400+30"]

1. e4 {[%emt 0:00:00]} e5 {[%emt 0:00:00]} 2. d4 {[%emt 0:00:00]} exd4 {[%emt 0:00:00]} 3. Nf3 {[%emt 0:00:00]} Nc6 {[%emt 0:00:00]} 4. Nxd4 {[%emt 0:00:01]} Bc5 {[%emt 0:00:00]} 5. Nxc6 {[%emt 0:01:11]} Qf6 {[%emt 0:00:00]} 6. Be3 {[%emt 0:01:23]} Bxe3 {[%emt 0:00:09]} 7. fxe3 {[%emt 0:00:04]} Qxb2 {[%emt 0:01:01]} 8. Qd4 {[%emt 0:03:13]} Qc1+ {[%emt 0:00:06]} 9. Kf2 {[%emt 0:02:16]} Qxc2+ {[%emt 0:00:05]} 10. Be2 {[%emt 0:00:13]} Qxc6 {[%emt 0:00:04]} 11. Qxg7 {[%emt 0:00:08]} Qf6+ {[%emt 0:00:03]} 12. Qxf6 {[%emt 0:00:06]} Nxf6 {[%emt 0:00:06]} 13. Nd2 {[%emt 0:00:05]} d6 {[%emt 0:00:57]} 14. Rhc1 {[%emt 0:00:34]} Kd8 {[%emt 0:00:19]} 15. h3 {[%emt 0:00:23]} Re8 {[%emt 0:00:13]} 16. Bf3 {[%emt 0:00:09]} b6 {[%emt 0:00:05]} 17. e5 {[%emt 0:00:07]} Rb8 {[%emt 0:01:13]} 18. exf6 {[%emt 0:00:07]} Re6 {[%emt 0:00:03]} 19. Ne4 {[%emt 0:00:30]} h6 {[%emt 0:02:14]} 20. Rd1 {[%emt 0:01:45]} Bb7 {[%emt 0:00:39]} 21. Nc3 {[%emt 0:00:32]} Rxf6 {[%emt 0:00:24]} 22. Rac1 {[%emt 0:00:21]} a6 {[%emt 0:01:24]} 23. Nd5 {[%emt 0:00:32]} Bxd5 {[%emt 0:00:19]} 24. Rxd5 {[%emt 0:00:08]} c5 {[%emt 0:01:54]} 25. Rcd1 {[%emt 0:00:35]} Kc7 {[%emt 0:00:07]} 26. Ke2 {[%emt 0:00:06]} b5 {[%emt 0:01:02]} 27. R5d2 {[%emt 0:00:48]} Re8 {[%emt 0:01:28]} 28. Bd5 {[%emt 0:00:22]} Rf5 {[%emt 0:01:31]} 29. e4 {[%emt 0:00:42]} c4 {[%emt 0:02:12]} 30. Rc2 {[%emt 0:00:20]} Kb6 {[%emt 0:00:16]} 31. Rb1 {[%emt 0:00:28]} Rxd5 {[%emt 0:00:06]} 32. Kf3 {[%emt 0:00:25]} Rd3+ {[%emt 0:00:25]} 33. Ke2 {[%emt 0:00:28]} Rxe4+ {[%emt 0:00:09]} 34. Kf2 {[%emt 0:00:10]} d5 {[%emt 0:00:45]} 35. a4 {[%emt 0:00:27]} Rb3 {[%emt 0:00:39]} 36. Rd1 {[%emt 0:01:21]} d4 {[%emt 0:00:24]} 37. axb5 {[%emt 0:00:15]} axb5 {[%emt 0:00:09]} 38. Rcd2 {[%emt 0:00:11]} d3 {[%emt 0:00:15]} 39. Kf3 {[%emt 0:00:13]} Re6 {[%emt 0:00:29]} 40. Kf4 {[%emt 0:00:22]} Re2 {[%emt 0:00:37]} 41. Rxe2 {[%emt 0:00:14]} dxe2 {[%emt 0:00:06]} 42. Re1 {[%emt 0:00:03]} Rb2 {[%emt 0:00:07]} 43. Ke3 {[%emt 0:00:07]} c3 {[%emt 0:00:24]} 44. Kd3 {[%emt 0:00:13]} c2 {[%emt 0:00:27]} 45. Kd2 {[%emt 0:00:04]} Rb1 {[%emt 0:00:09]} 46. Kxc2 {[%emt 0:00:31]} Rxe1 {[%emt 0:00:07]} 47. Kd2 {[%emt 0:00:01]} Rg1 {[%emt 0:00:10]} 48. Kxe2 {[%emt 0:00:02]} Rxg2+ {[%emt 0:00:08]} 49. Kf3 {[%emt 0:01:25]} Rc2 {[%emt 0:00:10]} 0-1

[Event "NOR-ch Youth 2019"]
[Site "Skien"]
[Date "2019.11.09"]
[Round "5.21"]
[White "Tollefsen, Jacob"]
[Black "Kierulf, Villum Brevick"]
[Result "0-1"]
[WhiteElo "1160"]
[BlackElo "1373"]
[Annotator "NA RC"]
[PlyCount "94"]
[EventDate "2019.11.08"]
[EventType "swiss"]
[EventCountry "NOR"]
[SourceTitle "playchess.com"]
[Source "ChessBase"]
[SourceQuality "1"]
[TimeControl "5400+30"]

1. d4 {[%emt 0:00:00]} Nf6 {[%emt 0:00:00]} 2. Nc3 {[%emt 0:00:21]} c5 {[%emt 0:00:02]} 3. e3 {[%emt 0:01:19]} cxd4 {[%emt 0:00:17]} 4. exd4 {[%emt 0:00:37]} e6 {[%emt 0:00:54]} 5. Nf3 {[%emt 0:02:20]} Bb4 {[%emt 0:00:59]} 6. Bd2 {[%emt 0:02:24]} O-O {[%emt 0:00:41]} 7. a3 {[%emt 0:03:27]} Bxc3 {[%emt 0:02:29]} 8. Bxc3 {[%emt 0:00:53]} Nc6 {[%emt 0:00:31]} 9. Bd3 {[%emt 0:06:03]} d5 {[%emt 0:04:55]} 10. O-O {[%emt 0:03:50]} Bd7 {[%emt 0:07:42]} 11. Bd2 {[%emt 0:04:33]} Qb6 {[%emt 0:02:03]} 12. Bc3 {[%emt 0:04:05]} Rac8 {[%emt 0:18:20]} 13. Qd2 {[%emt 0:04:19]} Qc7 {[%emt 0:10:58]} 14. h3 {[%emt 0:03:22]} Rfd8 {[%emt 0:02:01]} 15. Bb5 {[%emt 0:04:33]} a6 {[%emt 0:03:40]} 16. Bd3 {[%emt 0:01:32]} Be8 {[%emt 0:02:56]} 17. b4 {[%emt 0:02:53]} b5 {[%emt 0:00:51]} 18. a4 {[%emt 0:04:04]} Ne7 {[%emt 0:03:00]} 19. axb5 {[%emt 0:00:27]} Qxc3 {[%emt 0:00:27]} 20. Qxc3 {[%emt 0:00:25]} Rxc3 {[%emt 0:00:01]} 21. bxa6 {[%emt 0:00:22]} Ra8 {[%emt 0:03:33]} 22. b5 {[%emt 0:00:27]} Nc8 {[%emt 0:00:16]} 23. Rfb1 {[%emt 0:00:36]} Nb6 {[%emt 0:00:08]} 24. Nd2 {[%emt 0:01:24]} Nfd7 {[%emt 0:02:37]} 25. Nb3 {[%emt 0:00:38]} f6 {[%emt 0:01:07]} 26. Na5 {[%emt 0:00:27]} Nf8 {[%emt 0:04:16]} 27. Nb7 {[%emt 0:00:16]} Bg6 {[%emt 0:00:38]} 28. Nc5 {[%emt 0:01:18]} Bxd3 {[%emt 0:00:12]} 29. cxd3 {[%emt 0:00:18]} e5 {[%emt 0:00:30]} 30. Na4 {[%emt 0:01:05]} Nxa4 {[%emt 0:00:20]} 31. Rxa4 {[%emt 0:00:10]} Rcc8 {[%emt 0:00:48]} 32. a7 {[%emt 0:00:27]} Rc7 {[%emt 0:00:17]} 33. b6 {[%emt 0:00:32]} Rb7 {[%emt 0:00:11]} 34. dxe5 {[%emt 0:00:17]} fxe5 {[%emt 0:00:16]} 35. Ra5 {[%emt 0:00:32]} Nd7 {[%emt 0:00:30]} 36. Rab5 {[%emt 0:00:41]} Kf7 {[%emt 0:00:15]} 37. Rxd5 {[%emt 0:00:37]} Ke6 {[%emt 0:00:08]} 38. Rdb5 {[%emt 0:00:25]} Kd6 {[%emt 0:00:22]} 39. R5b3 {[%emt 0:00:13]} Nc5 {[%emt 0:01:12]} 40. Rc3 {[%emt 0:00:51]} Ne6 {[%emt 0:03:31]} 41. g3 {[%emt 0:01:04]} Nd4 {[%emt 0:00:15]} 42. Kf1 {[%emt 0:00:25]} Nc6 {[%emt 0:00:26]} 43. Ke2 {[%emt 0:00:37]} Nxa7 {[%emt 0:00:41]} 44. Ke3 {[%emt 0:01:41]} Nc6 {[%emt 0:00:29]} 45. Ke4 {[%emt 0:00:04]} Ra4+ {[%emt 0:00:54]} 46. Ke3 {[%emt 0:00:30]} Ne7 {[%emt 0:02:50]} 47. f4 {[%emt 0:00:47]} Nd5+ {[%emt 0:00:10]} 0-1

[Event "NOR-ch Youth 2019"]
[Site "Skien"]
[Date "2019.11.09"]
[Round "5.22"]
[White "Ji, Jiabao Eivind"]
[Black "Ji, Jiahao Eric"]
[Result "0-1"]
[WhiteElo "1373"]
[BlackElo "1667"]
[Annotator "NA RC"]
[PlyCount "94"]
[EventDate "2019.11.08"]
[EventType "swiss"]
[EventCountry "NOR"]
[SourceTitle "playchess.com"]
[Source "ChessBase"]
[SourceQuality "1"]
[TimeControl "5400+30"]

1. e4 {[%emt 0:00:00]} e5 {[%emt 0:00:00]} 2. Nf3 {[%emt 0:00:00]} Nc6 {[%emt 0:00:05]} 3. Bc4 {[%emt 0:00:31]} Nf6 {[%emt 0:00:19]} 4. d3 {[%emt 0:00:15]} Bc5 {[%emt 0:00:20]} 5. Bg5 {[%emt 0:00:24]} O-O {[%emt 0:00:13]} 6. Nc3 {[%emt 0:00:34]} h6 {[%emt 0:01:10]} 7. Bh4 {[%emt 0:00:12]} Be7 {[%emt 0:02:21]} 8. Qd2 {[%emt 0:00:33]} d6 {[%emt 0:00:34]} 9. h3 {[%emt 0:00:17]} Be6 {[%emt 0:01:21]} 10. Bb3 {[%emt 0:00:47]} Nh5 {[%emt 0:01:44]} 11. Bxe7 {[%emt 0:00:35]} Qxe7 {[%emt 0:00:14]} 12. O-O {[%emt 0:00:17]} g5 {[%emt 0:01:49]} 13. Ne2 {[%emt 0:00:38]} Nf4 {[%emt 0:00:37]} 14. Ng3 {[%emt 0:01:56]} Qf6 {[%emt 0:02:53]} 15. Kh2 {[%emt 0:00:44]} Kh7 {[%emt 0:03:15]} 16. Rh1 {[%emt 0:01:06]} a5 {[%emt 0:07:45]} 17. Ng1 {[%emt 0:00:53]} a4 {[%emt 0:02:26]} 18. Bxe6 {[%emt 0:00:38]} fxe6 {[%emt 0:00:10]} 19. Rf1 {[%emt 0:00:35]} Nd4 {[%emt 0:04:28]} 20. c3 {[%emt 0:00:45]} Nc6 {[%emt 0:00:39]} 21. N1e2 {[%emt 0:00:57]} Ne7 {[%emt 0:01:33]} 22. d4 {[%emt 0:00:28]} Neg6 {[%emt 0:01:22]} 23. Nxf4 {[%emt 0:02:06]} Nxf4 {[%emt 0:00:40]} 24. dxe5 {[%emt 0:01:01]} Qxe5 {[%emt 0:01:09]} 25. Qd4 {[%emt 0:00:19]} Qxd4 {[%emt 0:02:55]} 26. cxd4 {[%emt 0:00:15]} Nd3 {[%emt 0:00:03]} 27. f3 {[%emt 0:00:33]} Nxb2 {[%emt 0:00:23]} 28. Rb1 {[%emt 0:00:10]} a3 {[%emt 0:00:19]} 29. Rhc1 {[%emt 0:00:17]} c6 {[%emt 0:00:35]} 30. e5 {[%emt 0:00:34]} d5 {[%emt 0:00:17]} 31. Ne2 {[%emt 0:00:57]} Ra4 {[%emt 0:01:13]} 32. Rc3 {[%emt 0:00:50]} Rf7 {[%emt 0:01:47]} 33. Rb3 {[%emt 0:00:45]} Kg7 {[%emt 0:04:21]} 34. Kg3 {[%emt 0:00:30]} Kf8 {[%emt 0:01:33]} 35. Kf2 {[%emt 0:00:38]} Ke8 {[%emt 0:01:48]} 36. Ke3 {[%emt 0:00:15]} Kd8 {[%emt 0:00:59]} 37. Nc3 {[%emt 0:00:14]} Ra8 {[%emt 0:01:12]} 38. Nd1 {[%emt 0:01:28]} Nc4+ {[%emt 0:00:28]} 39. Kd3 {[%emt 0:00:18]} b5 {[%emt 0:00:14]} 40. Ne3 {[%emt 0:00:09]} Kc7 {[%emt 0:01:38]} 41. Nc2 {[%emt 0:00:58]} Rf4 {[%emt 0:01:12]} 42. Rb4 {[%emt 0:02:53]} h5 {[%emt 0:00:56]} 43. Ne3 {[%emt 0:00:29]} Ra7 {[%emt 0:02:58]} 44. Nxc4 {[%emt 0:01:03]} dxc4+ {[%emt 0:00:23]} 45. Kc3 {[%emt 0:00:20]} Ra8 {[%emt 0:00:10]} 46. Rxc4 {[%emt 0:01:45]} bxc4 {[%emt 0:00:11]} 47. Kxc4 {[%emt 0:00:10]} Ra4+ {[%emt 0:00:01]} 0-1

[Event "NOR-ch Youth 2019"]
[Site "Skien"]
[Date "2019.11.09"]
[Round "5.23"]
[White "Haug, Havard"]
[Black "Myagmarsuren, Evsuld"]
[Result "0-1"]
[WhiteElo "1544"]
[BlackElo "1471"]
[Annotator "NA RC"]
[PlyCount "94"]
[EventDate "2019.11.08"]
[EventType "swiss"]
[EventCountry "NOR"]
[SourceTitle "playchess.com"]
[Source "ChessBase"]
[SourceQuality "1"]
[TimeControl "5400+30"]

1. e4 {[%emt 0:00:00]} c5 {[%emt 0:00:00]} 2. c3 {[%emt 0:00:00]} d5 {[%emt 0:00:10]} 3. exd5 {[%emt 0:00:00]} Qxd5 {[%emt 0:00:36]} 4. d4 {[%emt 0:00:08]} Nf6 {[%emt 0:00:46]} 5. Nf3 {[%emt 0:00:43]} Bg4 {[%emt 0:00:21]} 6. Be2 {[%emt 0:00:10]} Nc6 {[%emt 0:00:32]} 7. O-O {[%emt 0:00:09]} e6 {[%emt 0:01:21]} 8. Be3 {[%emt 0:00:21]} cxd4 {[%emt 0:03:42]} 9. cxd4 {[%emt 0:01:27]} Bd6 {[%emt 0:04:18]} 10. Nc3 {[%emt 0:00:55]} Qh5 {[%emt 0:13:06]} 11. Nb5 {[%emt 0:03:28]} Bxh2+ {[%emt 0:10:59]} 12. Nxh2 {[%emt 0:01:42]} Bxe2 {[%emt 0:00:13]} 13. Qa4 {[%emt 0:00:31]} Bxb5 {[%emt 0:00:09]} 14. Qb3 {[%emt 0:00:24]} Qd5 {[%emt 0:03:24]} 15. Rfc1 {[%emt 0:02:42]} Qxb3 {[%emt 0:01:00]} 16. axb3 {[%emt 0:00:06]} O-O {[%emt 0:00:55]} 17. Rc5 {[%emt 0:00:07]} a6 {[%emt 0:01:55]} 18. Nf3 {[%emt 0:01:15]} Nd5 {[%emt 0:04:18]} 19. g3 {[%emt 0:01:04]} h6 {[%emt 0:01:23]} 20. Kg2 {[%emt 0:00:47]} f5 {[%emt 0:01:54]} 21. Ne5 {[%emt 0:00:34]} Nxe5 {[%emt 0:01:41]} 22. dxe5 {[%emt 0:00:05]} Rac8 {[%emt 0:00:45]} 23. Rac1 {[%emt 0:02:19]} Nxe3+ {[%emt 0:04:33]} 24. fxe3 {[%emt 0:00:08]} Rxc5 {[%emt 0:00:10]} 25. Rxc5 {[%emt 0:00:08]} Bc6+ {[%emt 0:00:08]} 26. Kf2 {[%emt 0:01:16]} Rd8 {[%emt 0:00:21]} 27. Ke2 {[%emt 0:00:43]} Rd5 {[%emt 0:00:21]} 28. Rc1 {[%emt 0:01:58]} Rxe5 {[%emt 0:00:24]} 29. Rd1 {[%emt 0:01:46]} Rb5 {[%emt 0:02:35]} 30. Kd2 {[%emt 0:00:30]} Rd5+ {[%emt 0:00:12]} 31. Kc2 {[%emt 0:00:08]} Rxd1 {[%emt 0:00:08]} 32. Kxd1 {[%emt 0:00:06]} Kf7 {[%emt 0:00:17]} 33. Kd2 {[%emt 0:00:07]} Kf6 {[%emt 0:00:06]} 34. b4 {[%emt 0:00:06]} Ke5 {[%emt 0:00:31]} 35. Kd3 {[%emt 0:00:07]} Bb5+ {[%emt 0:00:10]} 36. Kc3 {[%emt 0:00:14]} Ke4 {[%emt 0:00:20]} 37. Kb3 {[%emt 0:00:43]} g5 {[%emt 0:00:19]} 38. Ka3 {[%emt 0:00:14]} h5 {[%emt 0:00:40]} 39. Ka2 {[%emt 0:00:07]} h4 {[%emt 0:00:07]} 40. gxh4 {[%emt 0:00:29]} gxh4 {[%emt 0:00:13]} 41. b3 {[%emt 0:00:12]} h3 {[%emt 0:00:47]} 42. Kb2 {[%emt 0:00:24]} h2 {[%emt 0:00:10]} 43. Ka2 {[%emt 0:00:06]} Kd3 {[%emt 0:00:29]} 44. e4 {[%emt 0:00:10]} Kc2 {[%emt 0:00:30]} 45. exf5 {[%emt 0:01:27]} h1=Q {[%emt 0:00:08]} 46. fxe6 {[%emt 0:01:00]} Qb1+ {[%emt 0:00:09]} 47. Ka3 {[%emt 0:00:11]} Qa1# {[%emt 0:00:07]} 0-1

[Event "NOR-ch Youth 2019"]
[Site "Skien"]
[Date "2019.11.10"]
[Round "6.1"]
[White "Unhjem, Bjorn Robert Lovoll"]
[Black "Vestby-Ellingsen, Mads"]
[Result "1/2-1/2"]
[WhiteElo "1942"]
[BlackElo "2351"]
[Annotator "TA"]
[PlyCount "157"]
[EventDate "2019.11.08"]
[EventType "swiss"]
[EventCountry "NOR"]
[SourceTitle "playchess.com"]
[Source "ChessBase"]
[SourceQuality "1"]

{[%evp 19,157,10,23,13,7,12,22,11,84,55,58,40,51,31,18,-13,0,0,18,0,49,50,57,51,47,43,57,43,43,43,43,43,85,39,84,6,75,67,73,74,106,110,110,54,73,74,129,99,122,96,133,125,138,127,185,0,0,0,210,184,173,175,286,0,0,0,0,-37,-61,-62,-54,-97,-92,-164,0,0,100,107,75,35,38,31,56,-12,49,0,0,-171,-51,-65,-66,-54,-41,-163,0,-54,-55,-77,-60,-81,0,0,8,8,8,8,8,8,12,8,12,12,12,12,16,0,8,0,22,0,25,8,32,0,0,0,0,0,0,0,0,0,0,0,0,0,0,0,0,0]} 1. d4 Nf6 2. c4 g6 3. Nc3 d5 4. cxd5 Nxd5 5. e4 Nxc3 6. bxc3 Bg7 7. Be3 c5 8. Qd2 Qa5 9. Rc1 O-O 10. Nf3 Rd8 11. Be2 {D85: Exchange Grünfeld: Unusual White 7th moves and lines with 7 Nf3} (11. h4 Nc6 12. d5 e6 13. h5 exd5 14. hxg6 hxg6 15. Bh6 Re8 16. Bxg7 Rxe4+ 17. Be2 Kxg7 18. Ng5 Re8 {½-½ (39) Predke,A (2650)-Artemiev,V (2757) Izhevsk 2019}) 11... Nc6 12. d5 e6 13. O-O Ne7 (13... exd5 $11 14. exd5 Bf5) 14. c4 (14. d6 {feels hotter.} Nc6 15. Rfd1 Ne5 16. Bg5 Nxf3+ 17. Bxf3 Rd7 18. Bf4) 14... Qxd2 15. Nxd2 b6 $1 16. Rb1 $146 ({Predecessor:} 16. a4 f5 17. Bg5 Re8 18. Bf3 fxe4 19. Nxe4 Nf5 {½-½ (32) Hambleton,A (2492)-Fier,A (2549) Saint Louis 2019}) 16... Bd7 17. Bg5 f6 18. Bf4 Re8 19. Bd1 e5 20. Be3 Nc8 21. Bc2 Nd6 22. a4 Rac8 23. Ra1 f5 24. f3 f4 25. Bf2 g5 26. Bd3 Bf6 27. Rfc1 (27. a5 $16) 27... h5 (27... a5 $11 {remains equal.}) 28. a5 $16 {And now axb6 would win.} Bd8 29. axb6 Bxb6 30. Nb3 g4 31. Be1 (31. Be2 $16) 31... gxf3 32. gxf3 Bh3 (32... Kf7 $142) 33. Bc3 Kh7 34. Kf2 Rc7 35. Rg1 Kh6 36. Na5 Bd7 (36... Nb5 $16 {keeps fighting.}) 37. Rg2 $2 ({White should try} 37. Ke2 $18) 37... Bh3 $11 38. Rgg1 $2 (38. Nc6 $11 Bxg2 39. Kxg2) 38... Bd7 $1 $18 39. h4 Rcc8 40. Rg2 {Hoping for Rag1.} Bd8 (40... Bh3 {is a better defense.}) 41. Rag1 $2 (41. Ke2 $1 $18 Bh3 42. Rgg1) 41... Bxh4+ $11 42. Ke2 Bg3 $1 43. Nb3 h4 44. Ra1 h3 45. Rgg1 h2 46. Rgb1 (46. Rh1 $17 {might work better.} Nb5 47. cxb5) 46... Bh3 $2 (46... Rb8 $1 $19 47. Nxc5 Rxb1 48. Rxb1 Bh3) 47. Ra6 ({Not} 47. Rxa7 $2 Rb8 $19) 47... Bg2 (47... Rcd8 $11) 48. Rxd6+ $16 Kg5 {White must now prevent ...Rb8.} 49. Rd7 h1=Q 50. Rxh1 Bxh1 51. Rxa7 (51. Nd2 $1 $14) 51... Bg2 (51... Ra8 $11 52. Rxa8 Rxa8) 52. d6 Rh8 $1 {[%cal Rh8h2] aiming for ...Rh2.} 53. d7 $2 {[#]} (53. Bxe5 $11 Rh2 54. Rg7+ Kh6 55. Bc2) 53... Rh2 ({Wrong is} 53... Ra8 $2 54. Rxa8 Rxa8 55. Ba5 $18) ({Better is} 53... Bxf3+ $1 $19 {[%mdl 512]} 54. Kd2 (54. Kxf3 $2 Rh2 $19) 54... Rcg8 55. Bxe5 Rh2+ 56. Kc1 Bf2) 54. Kd1 $15 Bxf3+ 55. Kc1 Rg8 56. Bxe5 (56. Ba5 $1 $15 Rh1+ 57. Kb2) 56... Bg4 $2 (56... Bf2 $19 {...Be3+ is the strong threat.} 57. Bc2 Be3+ 58. Kb1 Be2) 57. Nxc5 (57. Bd6 $1 $11 Rh1+ 58. Kb2 Rh2+ 59. Kb1 Rh1+ 60. Kb2 Rh2+ 61. Kc1 Rh1+ 62. Kc2 Rh2+ 63. Kb1 Rh1+ 64. Kc2 Rh2+ 65. Kb1) 57... Bf2 58. Bd6 Be3+ 59. Kb1 Bxc5 ({Black should play} 59... Rd2 $17 {Strongly threatening ...Bxc5.} 60. Be7+ Kh6 61. Ra6+ Kg7) 60. Bxc5 $11 Rh7 $132 {[%mdl 2048] Black has counterplay} 61. d8=Q+ {[%mdl 64] Discovered Attack} Rxd8 62. Rxh7 Rxd3 {[%mdl 4096] Endgame KRB-KRB} 63. Kc2 Rg3 64. Rg7+ Kf6 65. Bd4+ Ke6 66. Rg6+ Ke7 67. Rg7+ Ke6 68. Rg6+ Ke7 69. Rg7+ Kf8 70. Kd2 Rg2+ 71. Ke1 Re2+ {The position is equal.} 72. Kf1 Bf3 73. Rg5 Rxe4 74. Rf5+ Kg8 75. Be5 Bg4 76. Rg5+ Kf7 77. Rxg4 Rxe5 78. Rxf4+ Ke6 79. Kf2 {Accuracy: White = 34%, Black = 41%.} 1/2-1/2

[Event "NOR-ch Youth 2019"]
[Site "Skien"]
[Date "2019.11.10"]
[Round "6.2"]
[White "Lund, Gunnar"]
[Black "Risting, Eivind Olav"]
[Result "1/2-1/2"]
[WhiteElo "2274"]
[BlackElo "2298"]
[Annotator "TA"]
[PlyCount "61"]
[EventDate "2019.11.08"]
[EventType "swiss"]
[EventCountry "NOR"]
[SourceTitle "playchess.com"]
[Source "ChessBase"]
[SourceQuality "1"]

{[%evp 9,61,-16,-12,-14,0,0,31,21,50,49,48,29,56,42,93,98,79,92,89,110,134,140,141,145,134,-8,-14,-49,-70,-52,-56,-49,-47,-47,-45,-70,-64,-51,-39,-84,-58,-64,-68,-67,-48,-46,-27,-30,-18,-20,-4,-16,-6,-20]} 1. d4 Nf6 2. Nc3 d5 3. Bf4 e6 4. Nb5 Na6 5. a3 (5. e3 Be7 6. Nf3 O-O 7. Bd3 c6 8. Nc3 Nb4 9. h3 Nxd3+ 10. cxd3 b6 11. O-O Bb7 {0-1 (40) Rapport,R (2731)-Giri,A (2783) Wijk aan Zee 2019}) 5... Be7 6. e3 {D00: 1 d4 d5: Unusual lines} c6 7. Nc3 Nc7 8. Nf3 {White is slightly better.} b6 9. Ne5 Bb7 10. Bd3 O-O 11. g4 $1 $36 {[%mdl 2048] White has some pressure.} c5 $146 (11... Nd7 $1 $14) ({Predecessor:} 11... Nd7) 12. g5 $16 Ne4 13. Bxe4 dxe4 14. dxc5 Bxg5 15. Qxd8 Bxd8 16. c6 Bc8 17. Nxe4 (17. O-O-O $16) 17... f6 $1 $11 18. Nd3 e5 {[%mdl 1024] And now ...Bf5 would win. Black has compensation.} 19. Bg3 Be6 20. f3 Nd5 {[%cal Bc7d5,Bd5e7,Be7c6][%mdl 32]} 21. Bf2 Rc8 22. Nd2 Rxc6 23. e4 Ne7 24. Rc1 Rc8 25. Ke2 Nc6 26. Nb4 Be7 27. Nd5 Rfd8 28. c4 Kf7 29. Rhd1 {The position is equal.} g6 30. b4 Bf8 31. Be3 {Accuracy: White = 62%, Black = 41%.} 1/2-1/2

[Event "NOR-ch Youth 2019"]
[Site "Skien"]
[Date "2019.11.10"]
[Round "6.3"]
[White "Hestvik, Elias"]
[Black "Fossan, Aleksander"]
[Result "1/2-1/2"]
[WhiteElo "1784"]
[BlackElo "2179"]
[Annotator "TA"]
[PlyCount "50"]
[EventDate "2019.11.08"]
[EventType "swiss"]
[EventCountry "NOR"]
[SourceTitle "playchess.com"]
[Source "ChessBase"]
[SourceQuality "1"]

{[%evp 21,50,-17,-12,-7,-4,-4,-4,-4,-7,0,-7,-11,49,51,46,51,62,56,69,71,51,33,36,44,82,71,83,78,95,95,95]} 1. e4 c5 2. Nf3 Nc6 3. d4 cxd4 4. Nxd4 g6 5. Nc3 Bg7 6. Be3 Nf6 7. Bc4 O-O 8. f3 Qb6 9. Bb3 Nxe4 10. Nd5 Qa5+ 11. c3 Nc5 {[#] Strongly threatening ...Bxd4.} 12. Nxc6 {B35: Sicilian: Accelerated Dragon with 5 Nc3: main line} bxc6 $146 (12... dxc6 13. Nxe7+ Kh8 14. Nxc8 Rfxc8 15. O-O Re8 16. Bf2 Rad8 17. Qc2 Qb5 18. Rfe1 Kg8 19. Rad1 Rxe1+ 20. Rxe1 {½-½ (32) Ivanov,V (2388)-Van Tricht,M (2384) ICCF email 2015}) 13. Nxe7+ Kh8 {aiming for ...Ba6.} 14. Nxc8 {The position is equal.} Raxc8 15. O-O d5 16. Bxd5 (16. Bf2 {seems wilder.} Kg8 17. Re1 Rfe8 18. Rxe8+ Rxe8 19. Bxd5 cxd5 20. Qxd5 Qb5 21. Bxc5 Qxb2 22. Rf1) 16... cxd5 (16... Na4 $11 17. b4 Qa6) 17. b4 $14 {[%mdl 64] [#] Double Attack} Qa3 {Threatens to win with ...Ne6.} 18. Bxc5 Rxc5 19. bxc5 Qxc5+ 20. Kh1 Bxc3 21. Rc1 d4 22. Qe2 Kg8 23. f4 {White is better.} Qf5 24. Qa6 Rb8 25. Qxa7 Rb2 1/2-1/2